Catálogo
 En Linea

Historia General de Chile 1 / (Registro nro. 40119)

Detalles MARC
000 -CABECERA
campo de control de longitud fija 00422nam a2200145 a 4500
001 - NÚMERO DE CONTROL
campo de control 000040629
005 - FECHA Y HORA DE LA ÚLTIMA TRANSACCIÓN
campo de control 20201002034249.0
008 - DATOS DE LONGITUD FIJA--INFORMACIÓN GENERAL
campo de control de longitud fija 130904s2010 sp 000 0 spa d
020 ## - NÚMERO INTERNACIONAL ESTÁNDAR DEL LIBRO
Número Internacional Estándar del Libro 9788498167337
040 ## - FUENTE DE LA CATALOGACIÓN
Centro catalogador/agencia de origen DO-SdBNP
Lengua de catalogación spa
Centro/agencia transcriptor BNPHU
100 1# - ENTRADA PRINCIPAL--NOMBRE DE PERSONA
Nombre de persona Barros Arana, Diego
9 (RLIN) 66979
245 10 - MENCIÓN DE TÍTULO
Título Historia General de Chile 1 /
Mención de responsabilidad, etc. Diego Barros Arana.
260 ## - PUBLICACIÓN, DISTRIBUCIÓN, ETC.
Lugar de publicación, distribución, etc. Barcelona ; :
Nombre del editor, distribuidor, etc. Red Ediciones,
Fecha de publicación, distribución, etc. 2010.
300 ## - DESCRIPCIÓN FÍSICA
Extensión 533 p. ;
Dimensiones 22 cm.
Existencias
Estado de retiro Estado de pérdida Restricciones de uso No para préstamo Código de colección Localización permanente Ubicación/localización actual Ubicación en estantería Fecha de adquisición Número de inventario Total de préstamos Signatura topográfica completa Código de barras Fecha visto por última vez Precio válido a partir de Tipo de ítem Koha
      Excluido de préstamo Monografías: Libros y Folletos General General En catalogación 04.09.2013 LF1   40629-10 25.06.2020 25.06.2020 No se presta

Con tecnología Koha